书目信息 |
| 题名: |
你一定爱读的中国战争史
|
|
| 作者: | 铁胆神侯夏侯杰 著 | |
| 分册: | 6 三国 | |
| 出版信息: | 北京 民主与建设出版社有限责任公司 2021 |
|
| 页数: | 357页 | |
| 开本: | 23cm | |
| 丛书名: | ||
| 单 册: | ||
| 中图分类: | E291-49 , E291 | |
| 科图分类: | ||
| 主题词: | 战争史--中国--三国时代--通俗读物 | |
| 电子资源: | ||
| ISBN: | 978-7-5139-3524-1 | |
| 000 | 00971nam0 2200241 450 | |
| 001 | 2371670442 | |
| 005 | 20231128195437.45 | |
| 010 | @a978-7-5139-3524-1@dCNY99.80 | |
| 100 | @a20210903d2021 em y0chiy50 ea | |
| 101 | 0 | @achi |
| 102 | @aCN@b110000 | |
| 105 | @ay z 000yy | |
| 200 | 1 | @a你一定爱读的中国战争史@Ani yi ding ai du de zhong guo zhan zheng shi@h6@i三国@f铁胆神侯夏侯杰著 |
| 210 | @a北京@c民主与建设出版社有限责任公司@d2021 | |
| 215 | @a357页@d23cm | |
| 300 | @a指文 | |
| 330 | @a本书主要围绕三国时期的经典战役展开,从董卓入京开始,到晋灭吴之战结束,依次拉开三国战场的巨幕,既有群雄并立、烽烟四起的金戈铁马,也有谋士辈出、尔虞我诈的权谋博弈,作者参考《三国志》《资治通鉴》《后汉书》等多本经典史料,为读者厘清这段纷繁复杂的历史。 | |
| 606 | 0 | @a战争史@y中国@z三国时代@j通俗读物 |
| 690 | @aE291-49@v5 | |
| 690 | @aE291@v4 | |
| 701 | 0 | @a铁胆神侯夏侯杰@Atie dan shen hou xia hou jie@4著 |
| 801 | 0 | @aCN@b91MARC@c20210904 |
| 905 | @aZUCC@dE291@e19:6 | |
| 你一定爱读的中国战争史.6.三国/铁胆神侯夏侯杰著.-北京:民主与建设出版社有限责任公司,2021 |
| 357页;23cm |
| 指文 |
| ISBN 978-7-5139-3524-1:CNY99.80 |
| 本书主要围绕三国时期的经典战役展开,从董卓入京开始,到晋灭吴之战结束,依次拉开三国战场的巨幕,既有群雄并立、烽烟四起的金戈铁马,也有谋士辈出、尔虞我诈的权谋博弈,作者参考《三国志》《资治通鉴》《后汉书》等多本经典史料,为读者厘清这段纷繁复杂的历史。 |
| ● |
| 相关链接 |
|
|
|
正题名:你一定爱读的中国战争史
索取号:E291/19:6
 
预约/预借
| 序号 | 登录号 | 条形码 | 馆藏地/架位号 | 状态 | 备注 |
| 1 | 2001058557 | 2001058557 | 辽宁一、悦读混合/辽宁北配(第三批)/辽批223/ [索取号:E291/19:6] | 在馆 | |
| 2 | 2001058558 | 2001058558 | 辽宁一、悦读混合/辽宁北配(第三批)/辽批223/ [索取号:E291/19:6] | 在馆 | |
| 3 | 2001058559 | 2001058559 | 辽宁一、悦读混合/辽宁北配(第三批)/辽批223/ [索取号:E291/19:6] | 在馆 | |
| 4 | 2001058560 | 2001058560 | 辽宁一、悦读混合/辽宁北配(第三批)/辽批223/ [索取号:E291/19:6] | 在馆 | |
| 5 | 2001058561 | 2001058561 | 辽宁一、悦读混合/辽宁北配(第三批)/辽批223/ [索取号:E291/19:6] | 在馆 | |
| 6 | 2001058562 | 2001058562 | 辽宁一、悦读混合/辽宁北配(第三批)/辽批223/ [索取号:E291/19:6] | 在馆 |